| 000 -ლიდერი |
| ფიქსირებული სიგრძის საკონტროლო ველი |
01428nam a2200253Ia 4500 |
| 001 - საკონტროლო ნომერი |
| საკონტროლო ველი |
12976 |
| 003 - საკონტროლო ნომრის იდენტიფიკატორი |
| საკონტროლო ველი |
GE_BSU |
| 005 - ბოლო ოპერაციის თარიღი და დრო |
| საკონტროლო ველი |
20240829120732.0 |
| 008 - ფიქსირებული სიგრძის მონაცემთა ელემენტები - ზოგადი ინფორმაცია |
| ფიქსირებული სიგრძის საკონტროლო ველი |
181216s1997||||ge |||||||||||||| ||geo|| |
| 040 ## - კატალოგიზაციის წყარო |
| Transcribing agency |
GE_BSU |
| 041 ## - ენის კოდი |
| Language code of text/sound track or separate title |
geo |
| 080 ## - უნივერსალური ათობითი კლასიფიკაციის ინდექსი |
| Universal Decimal Classification number |
94(479.22) გ-60 |
| 100 ## - მთავარი ჩანაწერი - პიროვნების სახელი |
| Personal name |
გოგიტიძე, სიმონ |
| 9 (RLIN) |
101 |
| 245 ## - ცნობა სათაურის შესახებ |
| Title |
მირიან მეფე და ქართლის მოქცევა / |
| Statement of responsibility, etc |
[რედ. : ა. კახიძე] ; აჭარის კოოპერაც. ინ-ტი. |
| 264 ## - წარმოების, გამოცემის, დისტრიბუციის და სხვა ცნობები |
| გამოცემის, წარმოების, დისტრიბუციის... ადგილი |
ბათუმი : |
| გამოცემის, წარმოების, დისტრიბუციის... სახელწოდება |
მეცნიერება, |
| გამოცემის, წარმოების, დისტრიბუციის... თარიღი |
1997. |
| 300 ## - ფიზიკური აღწერა |
| Extent |
151 გვ. : |
| Other physical details |
ნახ. ; |
| Dimensions |
20 სმ. |
| 500 ## - ზოგადი შენიშვნა |
| General note |
ნაშრომში მოცემულია პირველი ქართველი ქრისტიანი მეფის მირიანის, ნანა დედოფლისა და წმინდა ნინოს ცხოვრებისა და მოღვაწეობის თარიღების დაზუსტების ცდა |
| 653 ## - INDEX TERM--UNCONTROLLED |
| Uncontrolled term |
მირიან მეფე |
| 653 ## - INDEX TERM--UNCONTROLLED |
| Uncontrolled term |
მირიან მეფე და ქართლის მოქცევა |
| 653 ## - INDEX TERM--UNCONTROLLED |
| Uncontrolled term |
საქართველოს ისტორია |
| 653 ## - INDEX TERM--UNCONTROLLED |
| Uncontrolled term |
წმინდა ნინო |
| 700 ## - ADDED ENTRY--PERSONAL NAME |
| Personal name |
კახიძე, ა. |
| Relator term |
რედაქტორი |
| 9 (RLIN) |
23139 |
| 942 ## - ADDED ENTRY ELEMENTS (KOHA) |
| Koha item type |
წიგნი |
| Source of classification or shelving scheme |
|